|
|
|
|
| LEADER |
04626nam a2200637 4500 |
| 001 |
978-3-540-30108-0 |
| 003 |
DE-He213 |
| 005 |
20191026143333.0 |
| 007 |
cr nn 008mamaa |
| 008 |
121227s2004 gw | s |||| 0|eng d |
| 020 |
|
|
|a 9783540301080
|9 978-3-540-30108-0
|
| 024 |
7 |
|
|a 10.1007/b100085
|2 doi
|
| 040 |
|
|
|d GrThAP
|
| 050 |
|
4 |
|a QA76.9.D335
|
| 072 |
|
7 |
|a GPJ
|2 bicssc
|
| 072 |
|
7 |
|a COM053000
|2 bisacsh
|
| 072 |
|
7 |
|a GPJ
|2 thema
|
| 072 |
|
7 |
|a URY
|2 thema
|
| 082 |
0 |
4 |
|a 005.82
|2 23
|
| 245 |
1 |
0 |
|a Computer Security - ESORICS 2004
|h [electronic resource] :
|b 9th European Symposium on Research Computer Security, Sophia Antipolis, France, September 13-15, 2004. Proceedings /
|c edited by Pierangela Samarati, Peter Ryan, Dieter Gollmann, Refik Molva.
|
| 250 |
|
|
|a 1st ed. 2004.
|
| 264 |
|
1 |
|a Berlin, Heidelberg :
|b Springer Berlin Heidelberg :
|b Imprint: Springer,
|c 2004.
|
| 300 |
|
|
|a X, 457 p.
|b online resource.
|
| 336 |
|
|
|a text
|b txt
|2 rdacontent
|
| 337 |
|
|
|a computer
|b c
|2 rdamedia
|
| 338 |
|
|
|a online resource
|b cr
|2 rdacarrier
|
| 347 |
|
|
|a text file
|b PDF
|2 rda
|
| 490 |
1 |
|
|a Lecture Notes in Computer Science,
|x 0302-9743 ;
|v 3193
|
| 505 |
0 |
|
|a Incorporating Dynamic Constraints in the Flexible Authorization Framework -- Access-Condition-Table-Driven Access Control for XML Databases -- An Algebra for Composing Enterprise Privacy Policies -- Deriving, Attacking and Defending the GDOI Protocol -- Better Privacy for Trusted Computing Platforms -- A Cryptographically Sound Dolev-Yao Style Security Proof of the Otway-Rees Protocol -- A Formalization of Anonymity and Onion Routing -- Breaking Cauchy Model-Based JPEG Steganography with First Order Statistics -- Comparison Between Two Practical Mix Designs -- Signature Bouquets: Immutability for Aggregated/Condensed Signatures -- Towards a Theory of Data Entanglement -- Portable and Flexible Document Access Control Mechanisms -- Possibilistic Information Flow Control in the Presence of Encrypted Communication -- Information Flow Control Revisited: Noninfluence = Noninterference + Nonleakage -- Security Property Based Administrative Controls -- A Vector Model of Trust for Developing Trustworthy Systems -- Parameterized Authentication -- Combinatorial Design of Key Distribution Mechanisms for Wireless Sensor Networks -- Hindering Eavesdropping via IPv6 Opportunistic Encryption -- On the Role of Key Schedules in Attacks on Iterated Ciphers -- A Public-Key Encryption Scheme with Pseudo-random Ciphertexts -- A Host Intrusion Prevention System for Windows Operating Systems -- Re-establishing Trust in Compromised Systems: Recovering from Rootkits That Trojan the System Call Table -- ARCHERR: Runtime Environment Driven Program Safety -- Sets, Bags, and Rock and Roll -- Redundancy and Diversity in Security -- Discovering Novel Attack Strategies from INFOSEC Alerts.
|
| 650 |
|
0 |
|a Data encryption (Computer science).
|
| 650 |
|
0 |
|a Computer communication systems.
|
| 650 |
|
0 |
|a Operating systems (Computers).
|
| 650 |
|
0 |
|a Database management.
|
| 650 |
|
0 |
|a Computers and civilization.
|
| 650 |
|
0 |
|a Management information systems.
|
| 650 |
|
0 |
|a Computer science.
|
| 650 |
1 |
4 |
|a Cryptology.
|0 http://scigraph.springernature.com/things/product-market-codes/I28020
|
| 650 |
2 |
4 |
|a Computer Communication Networks.
|0 http://scigraph.springernature.com/things/product-market-codes/I13022
|
| 650 |
2 |
4 |
|a Operating Systems.
|0 http://scigraph.springernature.com/things/product-market-codes/I14045
|
| 650 |
2 |
4 |
|a Database Management.
|0 http://scigraph.springernature.com/things/product-market-codes/I18024
|
| 650 |
2 |
4 |
|a Computers and Society.
|0 http://scigraph.springernature.com/things/product-market-codes/I24040
|
| 650 |
2 |
4 |
|a Management of Computing and Information Systems.
|0 http://scigraph.springernature.com/things/product-market-codes/I24067
|
| 700 |
1 |
|
|a Samarati, Pierangela.
|e editor.
|4 edt
|4 http://id.loc.gov/vocabulary/relators/edt
|
| 700 |
1 |
|
|a Ryan, Peter.
|e editor.
|4 edt
|4 http://id.loc.gov/vocabulary/relators/edt
|
| 700 |
1 |
|
|a Gollmann, Dieter.
|e editor.
|4 edt
|4 http://id.loc.gov/vocabulary/relators/edt
|
| 700 |
1 |
|
|a Molva, Refik.
|e editor.
|4 edt
|4 http://id.loc.gov/vocabulary/relators/edt
|
| 710 |
2 |
|
|a SpringerLink (Online service)
|
| 773 |
0 |
|
|t Springer eBooks
|
| 776 |
0 |
8 |
|i Printed edition:
|z 9783662172315
|
| 776 |
0 |
8 |
|i Printed edition:
|z 9783540229872
|
| 830 |
|
0 |
|a Lecture Notes in Computer Science,
|x 0302-9743 ;
|v 3193
|
| 856 |
4 |
0 |
|u https://doi.org/10.1007/b100085
|z Full Text via HEAL-Link
|
| 912 |
|
|
|a ZDB-2-SCS
|
| 912 |
|
|
|a ZDB-2-LNC
|
| 912 |
|
|
|a ZDB-2-BAE
|
| 950 |
|
|
|a Computer Science (Springer-11645)
|